| 000 | 01071 a2200265 4500 | ||
|---|---|---|---|
| 999 |
_c11338 _d11338 |
||
| 020 | _a9780323835565 | ||
| 050 |
_aRC927 _bRHE 2021 |
||
| 245 |
_aLupus : _bRheumatic diseases clinics of North America / _cedited by Alfred H.J. Kim, Zahi Touma; Michael H. Weisman (consulting editor) |
||
| 264 |
_aPhiladelphia : _bW.B. Saunders, _c[1987-] |
||
| 300 | _axvi, 297-530 pages : | ||
| 336 |
_2rdacontent _atext _btxt |
||
| 337 |
_2rdamedia _aunmediated _bn |
||
| 338 |
_2rdacarrier _avolume _bnc |
||
| 500 | _avolumes : illustrations ; 24 cm Frequency Quarterly, 1989- Former Freq. Three no. a year, 1987-1988 Publ History Vol. 47, no. 3 (Apr. 1987)- | ||
| 504 | _aIssues for Aug. 1987- have title: Rheumatic disease clinics of North America Also issued online | ||
| 505 | _a. | ||
| 520 | _a. | ||
| 650 |
_aRheumatism _x Periodicals |
||
| 650 |
_aArthritis _xPeriodicals |
||
| 650 | _a Rheumatology | ||
| 700 |
_aKim, Alfred H.J. _eeditor |
||
| 700 |
_aTouma, Zahi _eeditor |
||
| 700 |
_aWeisman, Michael H. _econsultingeditor |
||
| 942 |
_2lcc _cBK _h927 _iRHE _kRC |
||